000 00608nam a2200169 i 4500
001 44565
003 ES-MaACL
005 20230906161045.0
007 t|
008 030321s1853 fr ||||1| fre d
100 1 _aClercq, Alexandre de.
_939221
245 1 0 _aFormulaire des Chancelleries diplomatiques et consulaires suivi du tarif des Chancelleries et du texte des principales lois /
_cpar Alexandre de Clercq.
260 _aParís :
_b[s.n.,
_c1853] (
_eCorbeil :
_fCrété)
300 _a2 v. ;
_c22 cm.
651 4 _aFrancia-
_xServicio diplomático y consular.
_9154589
852 _aES-MaACL
_jB-8319-20
999 _c44565
_d44565